Trade warriors

Enregistré dans:
Détails bibliographiques
Auteur principal: Dryden, Steve
Format: Livre
Langue:Undetermined
Publié: Oxford Oxford University Press 1995
Sujets:
Tags: Ajouter un tag
Pas de tags, Soyez le premier à ajouter un tag!
Thư viện lưu trữ: Trung tâm Học liệu Trường Đại học Cần Thơ
LEADER 00518nam a2200193Ia 4500
001 CTU_79878
008 210402s9999 xx 000 0 und d
082 |a 382 
082 |b D799 
100 |a Dryden, Steve 
245 0 |a Trade warriors 
245 0 |c Steve Dryden 
260 |a Oxford 
260 |b Oxford University Press 
260 |c 1995 
650 |a Commercial policy,Free trade 
650 |z United states,United states 
904 |i Trọng Hải 
980 |a Trung tâm Học liệu Trường Đại học Cần Thơ